Catálogo público

El Nogal / (Record no. 208470)

MARC details
000 -CABECERA
campo de control de longitud fija 00756nam a2200301Ia 4500
001 - NÚMERO DE CONTROL
campo de control Para_9818
003 - IDENTIFICADOR DEL NÚMERO DE CONTROL
campo de control CHAP
008 - DATOS DE LONGITUD FIJA--INFORMACIÓN GENERAL
campo de control de longitud fija 220125s1990 xx 000 0 und d
010 ## - NÚMERO DE CONTROL DE LA BIBLIOTECA DEL CONGRESO
Número de control de LC 208470
020 ## - NÚMERO INTERNACIONAL ESTÁNDAR DEL LIBRO
Número Internacional Estándar del Libro 84-7114-239-2
040 ## - FUENTE DE LA CATALOGACIÓN
Centro/agencia transcriptor CHAP
082 ## - NÚMERO DE LA CLASIFICACIÓN DECIMAL DEWEY
Número de clasificación PA 583.973 L86
100 ## - ENTRADA PRINCIPAL--NOMBRE DE PERSONA
Nombre de persona Luna Lorente, F.
9 (RLIN) 174904
245 ## - MENCIÓN DE TÍTULO
Título El Nogal /
Mención de responsabilidad, etc. L. Luna Lorente
250 ## - MENCIÓN DE EDICIÓN
Mención de edición 2
260 ## - PUBLICACIÓN, DISTRIBUCIÓN, ETC.
Lugar de publicación, distribución, etc. España :
Nombre del editor, distribuidor, etc. Mundi-Prensa
300 ## - DESCRIPCIÓN FÍSICA
Extensión 155 p.
500 ## - NOTA GENERAL
Nota general Incluye referencias bibliográficas
650 ## - PUNTO DE ACCESO ADICIONAL DE MATERIA--TÉRMINO DE MATERIA
Término de materia o nombre geográfico como elemento de entrada Nogal
9 (RLIN) 81544
650 ## - PUNTO DE ACCESO ADICIONAL DE MATERIA--TÉRMINO DE MATERIA
Término de materia o nombre geográfico como elemento de entrada Nogal
Subdivisión general Enfermedades
9 (RLIN) 81553
901 ## - ELEMENTOS DE DATOS A LOCAL LDA (RLIN)
a PA 583.973 L86
902 ## - ELEMENTOS DE DATOS B LOCAL, LDB (RLIN)
a M
905 ## - ELEMENTOS DE DATOS E LOCAL, LDE (RLIN)
a 5232201990 an 8000000300 00
910 ## - DATOS DE OPCIÓN DEL USUARIO (OCLC)
Datos de opción del usuario 1990
942 ## - ELEMENTOS DE PUNTO DE ACCESO ADICIONAL (KOHA)
Tipo de ítem Koha Parasitologia_
942 ## - ELEMENTOS DE PUNTO DE ACCESO ADICIONAL (KOHA)
Tipo de ítem Koha Parasitologia_
-- 1
Holdings
Estado de retiro Estado de pérdida Fuente del sistema de clasificación o colocación Estado dañado Restricciones de uso No para préstamo Código de colección Localización permanente Ubicación/localización actual Fecha de adquisición Número de inventario Total de préstamos Signatura topográfica completa Código de barras Fecha visto por última vez Número de copia Precio válido a partir de Tipo de ítem Koha Nota pública
    Dewey Decimal Classification   Préstamo 3 días   General Parasitologia Agricola Parasitologia Agricola 30/01/2013 (PA_09908) (No. UACh C/E)   PA 583.973 L86 4102000566 25/01/2022 Ej.1 25/01/2022 Libro 3